Товароведение непродовольственных товаров (Запис № 318893)

МАРК-запис
000 -Лідер
fixed length control field 00814nam a22002657a 4500
003 - Ідентифікатор контрольного номера
control field UA-OsUOA
001 - Контрольний номер
control field 32449
007 - Фіксоване поле фізичного опису
fixed length control field ta
008 - Елементи даних фіксованої довжини – загальна інформація
fixed length control field 20050202b un ||||| |||| 00| 0 ukr d
090 ## - Локальний шифр розміщення
Класифікаційний індекс УДК 339.166
Авторський знак (НП) А23
040 ## - Джерело каталогізації
Агенція оригінальної каталогізації UA-OsUOA
Мова каталогізації rus
Агенція, яка здійснювала перезапис UA-OsUOA
Агенція, яка здійснювала модифікацію UA-OsUOA
041 ## - Код мови
Код мови тексту/ звукової доріжки чи окремого заголовка (П) rus
080 ## - Індекс Універсальної десяткової класифікації
Індекс Універсальної десяткової класифікації (УДК) (НП) 339.166
044 ## - Код країни видавця/ виробника
Код країни видавця/ виробника (П) RU
100 ## - Основне введення – ім’я особи
Ім’я особи (НП) Агбаш В. Л.
245 ## - Відомості про назву
Назва (НП) Товароведение непродовольственных товаров
Решта назви (НП) учебник для экон. фак. торг. вузов
260 ## - Публікація, розповсюдження і т.п. (Вихідні дані)
Місце публікації, розповсюдження і т.п. (П) Москва
Ім’я/ наймення видавництва, розповсюджувача і т.п. (П) Экономика
Дата публікації, розповсюдження і т.п. (П) 1983
300 ## - Фізичний опис
Обсяг 440 с.
650 #7 - Додаткове предметне введення – тематичний термін
Тематичний термін чи географічна назва, як елемент введення (НП) 339.1 Загальні питання торгівлі. Ринок
Джерело заголовка чи терміна UDC
700 ## - Додаткове введення – ім'я особи
Ім’я особи (НП) Елизарова В. Ф.
700 ## - Додаткове введення – ім'я особи
Ім’я особи (НП) Коваленко З. И.
942 ## - Додаткові елементи входу (Коха)
Тип елемента Koha Книги
955 ## - Код типу видання за змістом
Код типу видання за змістом (НП) Навчальні видання
Фонди
Стан вилучень Стан втрат Джерело класифікації або схеми стелажів Стан уражень Не для кредиту Постійне місце розташування Поточне розміщення Дата придбання Вартість, звичайна ціна покупки Інвентарний номер Усього замовленно Повний номер виклику Штрих-код Дата останнього перегляду Ціна ефективна від Тип елемента Koha
    Universal Decimal Classification     АБ - Абонемент НБ АБ - Абонемент НБ 02/02/2005 5.00 46154   339.166 А23 46154 14/06/2022 02/02/2005 Книги